Ağla yüreğim (Record no. 4846)

MARC details
000 -BAŞLIK
Sabit Uzunlukta Kontrol Alanı 00875na a2200277 4500
001 - KONTROL NUMARASI
Denetim Alanı 14092
003 - KONTROL NUMARASI IDENTIFIER
Denetim Alanı MIRAKIL
005 - SON İŞLEM TARİHİ VE ZAMANI
Denetim Alanı 20181213155020.0
008 - SABİT-BOY VERİ ELEMANLARI - GENEL BİLGİLER
Sabit Uzunlukta Kontrol Alanı 161101b tu 000 0
020 ## - ULUSLARARASI STANDART KİTAP NUMARASI
Uluslararası Standart Kitap Numarası 9758915101
035 ## - SİSTEM KONTROL NUMARASI
Sistem Kontrol Numarası 14092
040 ## - KATALOGLAMA KAYNAK
Orijinal Kataloglama Ajansı Milas
Kataloglama Dili tur
Metne Dönüştürmek Ajansı TR-AnCHP
041 ## - DİL KODU
Metin / Ses Parça Veya Ayrı Başlığın Dil Kodu tur
082 ## - DEWEY ONLU SINIFLANDIRMA NUMARASI
Sınıflandırma Numarası 923.5 Oğuz,İ.H.
Ürün Numarası O38a 2007
090 ## - SINIFLAMA NUMARASI
Sınıflama Numarası 923.5 Oğuz,İ.H. O38a 2007
100 ## - ANA GİRİŞ - KİŞİSEL İSİM
Kişisel Ad Oğuz, İsmail Hakkı
245 ## - BAŞLIK TABLOSU
Başlık Ağla yüreğim
Başlığın Kalan Anadolu devrimcisinin not defterinden
Sorumluluk Tablosu, Vb İsmail Hakkı Oğuz
246 ## - UNVAN FORM VARYING
Başlık Doğru / Kısa Başlığı Anadolu devrimcisinin not defterinden
260 ## - YAYIN, DAĞITIM, VB
Yayın, Dağıtım, Vb Yeri İstanbul
Yayıncı, Dağıtıcı, Vs Adı Gita Yayınları
Yayın, Dağıtım, Vb Tarihi 2007
300 ## - FİZİKSEL TANIM
Kapsam 569 s.
Diğer Fiziksel Ayrıntıları res.
Boyutlar 19 sm.
600 ## - KONU KATMA GİRİŞ - KURUMSAL ADI
Kişisel Ad Oguz, İsmail Hakkı
Bir Adıyla İlişkilendirilen Tarihler 1925-
Genel Alt Bölümü Yaşamöyküsü
650 ## - KONU KATMA GİRİŞ - TOPİKAL DÖNEM
Topikal Süreli Veya Coğrafi Ad Giriş Elemanı Siyasal yaşam
Genel Alt Bölümü Anılar
Coğrafi Alt Bölümü Türkiye
650 ## - KONU KATMA GİRİŞ - TOPİKAL DÖNEM
Topikal Süreli Veya Coğrafi Ad Giriş Elemanı Askeri eğitim
Genel Alt Bölümü Anılar
740 ## - KATMA GİRİŞ - KONTROLSUZ İLGİLİ / ANALİTİK BAŞLIK
Kontrol Edilmeyen / İlgili Analitik Başlıktaki Anadolu devrimcisinin not defterinden
942 ## - EKLENDİ GİRİŞ ELEMANLARI (KOHA)
Sınıflandırma Veya Raf Düzeni Kaynak Dewey Decimal Classification
Koha Öğesi Türü Books
999 ## - SİSTEM KONTROL NUMARALARI (KOHA)
Koha Biblionumber 4846
Koha Biblioitemnumber 4846
Holdings
Kalıcı Konum Mevcut Konum Edinme Tarihi Edinim Kaynak Toplam Check-Out'Lar Tam Çağrı Numarası Barkod Tarih Son Görülme İtibaren Geçerli Fiyatlar Koha Öğesi Türü
CHP Kütüphanesi CHP Kütüphanesi 08/24/2016 Bağış   923.5 Oğuz,İ.H. O38a 2007 001933 08/24/2016 08/24/2016 Books